My Side of the Mountain / (Record no. 3345)

MARC details
000 -LEADER
fixed length control field 00885nam a22002417a 4500
001 - CONTROL NUMBER
control field 3345
003 - CONTROL NUMBER IDENTIFIER
control field FISKH
005 - DATE AND TIME OF LATEST TRANSACTION
control field 20240228161811.0
008 - FIXED-LENGTH DATA ELEMENTS--GENERAL INFORMATION
fixed length control field 240228b cb ||||| |||| 00| 0 eng d
040 ## - CATALOGING SOURCE
Original cataloging agency FISK
Language of cataloging eng
Transcribing agency FISK
Modifying agency FISK
050 ## - LIBRARY OF CONGRESS CALL NUMBER
Classification number PZ7.G2933
082 ## - DEWEY DECIMAL CLASSIFICATION NUMBER
Classification number 823.9
100 ## - MAIN ENTRY--PERSONAL NAME
Personal name George Craighead Jean :
Dates associated with a name 1919-2012
245 ## - TITLE STATEMENT
Title My Side of the Mountain /
Statement of responsibility, etc. Jean Craighead George
260 ## - PUBLICATION, DISTRIBUTION, ETC.
Place of publication, distribution, etc. New York :
Name of publisher, distributor, etc. Jean Craighead George,
Date of publication, distribution, etc. 1988
300 ## - PHYSICAL DESCRIPTION
Extent 177 pages :
Other physical details illustrations :
Dimensions 18 cm
501 ## - WITH NOTE
With note N
520 ## - SUMMARY, ETC.
Summary, etc. A young boy relates his adventures during the year he spends living alone in the Catskill Mountains including his struggle for survival, his dependence on nature, his animal friends, and his ultimate realization that he needs human companionship.
521 8# - TARGET AUDIENCE NOTE
Target audience note 810
Source N
700 ## - ADDED ENTRY--PERSONAL NAME
Personal name Jean Craighead George
942 ## - ADDED ENTRY ELEMENTS (KOHA)
Source of classification or shelving scheme Dewey Decimal Classification
Koha item type Books
Suppress in OPAC No
Holdings
Withdrawn status Lost status Source of classification or shelving scheme Damaged status Not for loan Collection Home library Current library Shelving location Date acquired Total Checkouts Full call number Barcode Date last seen Copy number Price effective from Koha item type Date last checked out
    Dewey Decimal Classification     Fiction Footprints International School Library Network Toul Kork Campus Footprints International School Library Network Toul Kork Campus TTP Secondary Fiction Bookshelves 02/28/2024   GEO PZ7.G2933 823.9 2024-0138 02/28/2024 1 02/28/2024 Books  
    Dewey Decimal Classification     Fiction Footprints International School Library Network Toul Kork Campus Footprints International School Library Network Toul Kork Campus TTP Secondary Fiction Bookshelves 03/14/2024 2 GEO PZ7.G2933 823.9 2024-0323 05/12/2025 2 03/14/2024 Books 04/21/2025
    Dewey Decimal Classification     Fiction Footprints International School Library Network Toul Kork Campus Footprints International School Library Network Toul Kork Campus TTP Secondary Fiction Bookshelves 03/14/2024   GEO PZ7.G2933 823.9 FISSE00245 11/25/2024 3 03/14/2024 Books